000 00641nam a22001817a 4500
005 20150515150102.0
010 _aENG-112679
020 _c90.00
_a9788123763743
035 _aEN-96211
037 _bDBAD/PUB
082 _a954.511
100 _aBardoloi, Chandra
245 0 0 _aCall of the blue hills :
_cby Chandra Bardoloi
_brecollections of Arunachal Pradesh /
260 _aNew Delhi
_bNational Book Trust
_c2012
270 _aNehru Bhawan, 5 Institutional Area, Phase-ll Vasant Kunj
_bNew Delhi
_e110070
300 _axii, 164 p., 4 pages of plates :
_c22cm(pbk)
_bill.(chiefly col.)
942 _2ddc
_cEN
_mBAR
_h954.511
999 _c92918
_d92918